Music Quiz

Random Music or Singers Quiz

200 Songs In 3 Minutes Quiz Stats

 Plays Quiz Updated Aug 11, 2016

Score 0/200 Timer 20:00
1 Play Today
Word Artist % Correct
HelpThe Beatles
78.4%
ItMichael Jackson
69.6%
SingleBeyoncé Knowles
69.4%
Dr. Dre.Dr. Dre
64.9%
MusicMadonna
62.4%
Don'tJourney
60.8%
SupersonicQueen
60.6%
ToNirvana
55.8%
YouKings Of Leon
55.5%
EveryREM
53.7%
SingsElton John
52.4%
WithU2
52%
SingerJohnny Cash
47.6%
IP!nk
46.9%
SayStevie Wonder
46.2%
ApologiseOneRepublic
45.5%
MoneyKanye West/Jamie Foxx
45.2%
23Blink 182
43.1%
YouEminem
43%
ReplayRihanna
42.6%
BandPaul McCartney & Wings
41.5%
NameBon Jovi
40.4%
SongsABBA
39.7%
GiveRed Hot Chili Peppers
39.7%
HopeThe Rolling Stones
39.7%
ItKaty Perry
39.3%
You'reJames Blunt
38.3%
EvenPearl Jam
37.1%
RockThe Clash
36.6%
AnyonePink Floyd
36.5%
IsThe Animals
35.1%
BackAC/DC
35.1%
Finished.Black Sabbath
34.6%
IBritney Spears
34.6%
VideoThe Buggles
34.5%
One.John Lennon
34.1%
FinishGreen Day
32.7%
Entertainment,The Jam
31.8%
MuchGnarls Barkley
31.5%
QuiteElvis Presley
31.1%
I'mRadiohead
30.8%
YouRick Astley
30.4%
GoThe Ramones
30.3%
OneMetallica
29.7%
WellVan Halen
29.3%
DoBryan Adams
28.1%
Missed.Aerosmith
27%
Don'tThe Who
25%
RunningMuse
25%
Answer.Barry White
24.6%
Time.Rick James
24.4%
Pop.*N Sync
24.4%
ToThe Police
24.3%
ILady Gaga
24.3%
IsJustin Timberlake
23.4%
Worry.Bobby McFerrin
23.3%
All,Foo Fighters
23.3%
WhoDavid Bowie
23.3%
IsLed Zeppelin
22.8%
HaveZZ Top
22.3%
ItPhil Collins
22.2%
TheThe Doors
22.1%
MoreBoston
21.8%
ComeNorah Jones
21.7%
Score.Tom Jones
21.4%
End.Frank Sinatra
21.4%
AndGuns n Roses
21.3%
Word Artist % Correct
AnswerMarvin Gaye
20.8%
LittleAretha Franklin
20.4%
ThingsJulie Andrews
20.2%
Words.The Bee Gees
20%
YourFleetwood Mac
19.8%
ThereBob Dylan
19.8%
TheColdplay
19.6%
I'mJason Mraz
19.3%
MightOasis
19.2%
ToThe Eagles
19.1%
80s.Calvin Harris
19.1%
TheDuran Duran
19.1%
InWill Smith
19%
BeChristina Aguilera
18.6%
GetThe Beach Boys
17.9%
TrulySavage Garden
17.9%
Come.Soundgarden
17.5%
CoffeeBlur
17.1%
CongratulationsCliff Richard
16.3%
AndSimon & Garfunkel
16%
UpJames Brown
16%
TheseNancy Sinatra
15.8%
HardDestiny's Child
14.5%
InOtis Redding
14.4%
TheLinkin Park
14%
WordCameo
13.9%
FromCher
13.6%
IfSpice Girls
13.4%
HipShakira ft Wyclef Jean
13.2%
PieceJimi Hendrix
13.2%
CostJennifer Lopez
13.2%
Won'tMeat Loaf
12.8%
YouKiss
12.7%
OfSting
12.7%
VeryForeigner
12.5%
Game.The Cardigans
12.2%
YouThe Kinks
12.1%
You'veThe Supremes
11.9%
OfDolly Parton
11.6%
Didn'tCoolio
11.6%
MadeEurythmics
11.3%
ForThe Mamas & The Papas
11.3%
ALionel Richie
11.2%
ILynyrd Skynyrd
11.2%
OfWham
11.1%
OnlyParamore
10.9%
MostBlack Eyed Peas
10.8%
Fingers.Wet Wet Wet
10.7%
GetSex Pistols
10.3%
YouJefferson Airplane
10%
FromSeal
9.7%
PressLimp Bizkit
9.2%
WordThe Trashmen
9.2%
BeEurope
9.1%
IfFranz Ferdinand
8.8%
WillBarenaked Ladies
8.7%
OutRage Against The Machine
8.7%
IFall Out Boy
8.6%
AShania Twain
8.4%
GivesAll American Rejects
8.3%
TheDire Straits
8.2%
MaybeFree
8.1%
ToAmy Winehouse
7.8%
AOutkast
7.7%
YourAlice Cooper
7.4%
WillBuddy Holly
7.4%
MuchDeep Purple
7.3%
Word Artist % Correct
IfCulture Club
7.3%
AfterDaft Punk
7.1%
AlmostThe White Stripes
7%
JustGoo Goo Dolls
6.9%
KeepingThe Offspring
6.9%
IsAlanis Morissette
6.3%
BeChuck Berry
6.2%
BeforeSlipknot
6.2%
HopThe Sugarhill Gang
6.1%
ExpectGloria Gaynor
6%
MoreMy Chemical Romance
5.9%
MaySmash Mouth
5.8%
OnlyGarbage
5.7%
PerfectLou Reed
5.7%
EverDusty Springfield
5.6%
SingerMC Hammer
5.4%
ISheryl Crow
5.3%
WellPublic Enemy/Anthrax
5.1%
VeryCat Stevens
5.1%
SaidLL Cool J
4.9%
AwaySystem Of A Down
4.8%
AnyNew Kids On The Block
4.5%
Clues.Robert Palmer
4.4%
WritingTravis
4.3%
TheThin Lizzy
4.2%
ThePet Shop Boys
4.2%
FromMen At Work
4.1%
Don'tMotorhead
4.1%
ToThe Strokes
4%
OrFugees
3.8%
YouBad Religion
3.7%
ALouis Armstrong
3.7%
Amazed'Weird Al' Yankovic
3.7%
ThisCheryl Cole
3.6%
IGary Numan
3.5%
AnQueens Of The Stone Age
3.5%
MustMadness
3.4%
ManyBiffy Clyro
3.2%
AndIggy Pop
3.1%
GetsBilly Ocean
3.1%
IfJoe Cocker
2.9%
AnyKeane
2.9%
NotJimmy Eat World
2.8%
TheThe Pixies
2.7%
PlayWild Cherry
2.6%
OfT. Rex
2.4%
ItOK Go
2.3%
CanSuzi Quatro
2.3%
ButSir Mix-a-Lot
2.2%
ToFrankie Goes To Hollywood
2.2%
Later.Bill Haley
2.2%
MuchStone Roses
2.1%
Well.Men Without Hats
2.1%
ThisTenacious D
1.9%
KnowNina Simone
1.9%
Above?CSS
1.8%
IsCake
1.8%
Done!Dead Kennedys
1.8%
SoRam Jam
1.5%
TheJamiroquai
1.5%
AThey Might Be Giants
1.3%
AdvanceDe La Soul
1.2%
Me.John Lee Hooker
1.2%
AlmostN.E.R.D.
1.1%
ModernIdlewild
1.1%
Won'tThe Zutons
0.7%

You're not logged in!

Compare scores with friends on all Sporcle quizzes.
OR
Log In

Show Comments

Extras

Top Quizzes Today


Score Distribution

Your Account Isn't Verified!

In order to create a playlist on Sporcle, you need to verify the email address you used during registration. Go to your Sporcle Settings to finish the process.

Report this User

Report this user for behavior that violates our Community Guidelines.

Details: